000 00773nam a22002777a 4500
001 BR8503744
003 BR-BrBNA
005 20230928092214.0
007 ta
008 230509b bl.||||| |||| 00| 0 por d
040 _aBR-BrBNA
_bpor
_cBiblioteca Nacional de Agricultura
041 _a(Por)
072 _aF01
_b1822
090 _ 1822 BR8503744
100 1 _aCorreia, L.G.
100 1 _aFonseca, P.C.
110 1 _aEmpresa de Assistencia Tecnica e Extensao Rural do Estado de Minas Gerais, Belo Horizonte (Brasil)
245 1 _aCultura da moranga hibrida
260 3 _aBelo Horizonte, MG (Brasil):
_c1982.
300 _a3 p.
650 _aABOBORA MORANGA
650 _aPLANTIO
650 _aHIBRIDO
909 _a202309
_bLucia
_c55
_dLucia Elande
942 _cBK
999 _c37681
_d37681